| 000 | 00496nam a2200157Ia 4500 | ||
|---|---|---|---|
| 008 | 210716s2008 xx 000 0 und d | ||
| 020 | _a9780195517590 | ||
| 041 | _aeng | ||
| 082 | _a651.7 HAYI | ||
| 100 | _aHay, Iain;Bochner, Dianne. | ||
| 245 |
_aMaking the grade: a guide to successful communication and study. _bGuide to successful communication and study. |
||
| 250 | _a3 | ||
| 260 |
_aNew Delhi _bOxford University Press _c2008 |
||
| 300 | _axxii,346 | ||
| 650 | _aBusiness Communication | ||
| 999 |
_c182200 _d182200 |
||